000 00945nmm a2200325 a 4500
003 AR-BaBNM
005 20251128202809.0
008 117019s1946 ||||||||||||||000 | spa||
040 _cAR-BaBNM
100 1 _aVedia y Mitre, Mariano de
245 1 0 _aHistoria general de las ideas políticas
_bcon una introducción sobre la Teoría del Estado. 8
260 _aBuenos Aires
_bKraft
_c1946
300 0 _a354 p.
_bil., láms.
500 0 _aIndice de nombres y materias p. 327-354.
600 1 4 _aMontesquieu, Charles-Louis de Secondat
600 0 4 _aVoltaire
_d1694-1778
600 1 4 _aRousseau, Jean-Jacques
650 4 _aHISTORIA DE LAS IDEAS
650 4 _aHISTORIA POLITICA
650 4 _aCIENCIAS POLITICAS
650 4 _aDERECHOS
650 4 _aSOBERANIA
650 4 _aDERECHOS DE LOS ESTADOS
650 4 _aGOBIERNO
650 4 _aPODER POLITICO
651 4 _aFrancia
653 0 _aDESPOTISMO
942 _cBK
998 _cmariana
999 _c615
_d615